Score 0/179 Timer 10:00
4 Plays Today
% Correct
the
92.6%
the
92.6%
the
92.6%
the
92.6%
the
92.6%
the
92.6%
the
92.6%
''Scruffy...
88.7%
''Scruffy
88.7%
Scruffy's
88.7%
''Scruffy's
88.7%
''Scruffy's
88.7%
''Scruffy's
88.7%
''Scruffy...
88.7%
Scruffy...
88.7%
Scruffy
88.7%
''Scruffy
88.7%
'Scruffy's
85.3%
janitor''
83.8%
janitor''
83.8%
janitor''
83.8%
''I'm
78.3%
''I'm
78.3%
a
74.9%
a
74.9%
''A
73.2%
a
73.1%
he
59.1%
''Oh
57.8%
be
57%
''You
56%
you
56%
you''
56%
''In
52.2%
in
52.2%
in
52.2%
in
52.2%
is
47.4%
to
47.2%
to
47.2%
to
47.2%
on
45.3%
on
45.3%
it
45%
gonna
41.3%
gonna
41.3%
''This
40.2%
this
40.2%
this
40.2%
this
40.2%
of
37.6%
for
36.1%
of
36%
me
35.9%
not
35.1%
see
33.1%
see
33.1%
can
32.7%
so
32.3%
so
32.3%
% Correct
way
32.2%
die
30.9%
who
30.8%
''What
30.4%
that
30.1%
that
30.1%
never
30%
never
30%
lived''
29.3%
''Jail's
28.8%
seen
28.1%
seen
28.1%
one's
27.6%
one
27.6%
''I've
27.3%
I've
27.3%
company
27%
company''
27%
them
26.8%
them
26.8%
before
26.6%
before''
26.6%
him
26.6%
get
26.3%
here
26.1%
its
25.5%
it's
25.5%
or
25.4%
or
25.4%
know
24.6%
believes
24.3%
break''
24.2%
Fry''
22.7%
there,
22%
neither''
21.8%
his
21.7%
your
20.1%
your
20.1%
your
20.1%
were...''
19.9%
how
19%
but
19%
bad''
18.7%
three
18.5%
terlet
18.3%
ever
17.7%
shares
17.3%
hundred
17%
dollar
17%
robot
16.9%
good
16.3%
down
16.3%
make
16.3%
opinion,
16.2%
haircuts''
16%
out
15.4%
out''
15.4%
himself
15.4%
knows
15.4%
''Now
14.9%
% Correct
lost
13.9%
by
13.7%
people''
13.4%
votes
13.1%
killed
13%
thousand
13%
shank
12.6%
shanked''
12.5%
''Second''
12.4%
''Second''
12.4%
''Second''
12.4%
marmalade''
12.3%
stranger''
12%
take
11.9%
''Take
11.9%
''Take
11.9%
''Course
11.8%
sangria
11.6%
plan,
11.5%
mysterious
11.4%
hold
11.3%
need
11%
forty
11%
pizzazz''
10.5%
Mr.
10.5%
twain''
10.5%
devil's
10.4%
conflict''
10.2%
called
10%
called
10%
''Schedule
10%
tear
9.9%
''Somebody
9.5%
somebody
9.5%
Bot
9.4%
sir''
9.3%
''Very
9.1%
''Boy
8.9%
''Let
8.8%
dream
8.7%
you'll
8.1%
Hedonism
7.8%
fevered
7.4%
base''
7.2%
base''
7.2%
base''
7.2%
fish'
6.9%
pill''
6.1%
large
6.1%
rolling
5.8%
rotten
5.8%
bids
5.8%
''Hit
5.7%
formulated
5.6%
turns
5.4%
ready
5.3%
nauseatin'
5.2%
pitch,
5%
source
4.8%
Remove Ads.
Support Sporcle.
Get the best of Sporcle when you Go Orange. This ad-free experience offers more features, more stats, and more fun while also helping to support Sporcle. Thank you for becoming a member.

You're not logged in!

Compare scores with friends on all Sporcle quizzes.
OR
Log In

Show Comments

Extras

Top Quizzes Today


Score Distribution

Your Account Isn't Verified!

In order to create a playlist on Sporcle, you need to verify the email address you used during registration. Go to your Sporcle Settings to finish the process.

Report this User

Report this user for behavior that violates our Community Guidelines.

Details: